<?xml version="1.0" encoding="UTF-8"?>
<record
    xmlns:xsi="http://www.w3.org/2001/XMLSchema-instance"
    xsi:schemaLocation="http://www.loc.gov/MARC21/slim http://www.loc.gov/standards/marcxml/schema/MARC21slim.xsd"
    xmlns="http://www.loc.gov/MARC21/slim">

  <leader>00765nam a22001937a 4500</leader>
  <datafield tag="999" ind1=" " ind2=" ">
    <subfield code="c">4614</subfield>
    <subfield code="d">4614</subfield>
  </datafield>
  <controlfield tag="001">12460</controlfield>
  <controlfield tag="003">BD-DhUAP</controlfield>
  <controlfield tag="005">20201115150215.0</controlfield>
  <controlfield tag="008">201115s2009    bg  |||| |||| 000 0 ben d</controlfield>
  <datafield tag="020" ind1=" " ind2=" ">
    <subfield code="a">9847015601188</subfield>
  </datafield>
  <datafield tag="040" ind1=" " ind2=" ">
    <subfield code="a">BD-DhUAP</subfield>
    <subfield code="b">Ben</subfield>
    <subfield code="c">BD-DhUAP</subfield>
    <subfield code="d">BD-DhUAP</subfield>
  </datafield>
  <datafield tag="082" ind1=" " ind2=" ">
    <subfield code="2">23</subfield>
    <subfield code="a">149.97 UTT </subfield>
  </datafield>
  <datafield tag="245" ind1=" " ind2=" ">
    <subfield code="a">&#x989;&#x9A4;&#x9CD;&#x9A4;&#x9B0;&#x9BE;&#x9A7;&#x9C1;&#x9A8;&#x9BF;&#x995; &#x99A;&#x9BF;&#x9A8;&#x9CD;&#x9A4;&#x9BE;&#x9A7;&#x9BE;&#x9B0;&#x9BE; : </subfield>
    <subfield code="b">&#x9A6;&#x9CD;&#x9AC;&#x9A8;&#x9CD;&#x9A6;&#x9CD;&#x9AC;-&#x9B8;&#x982;&#x998;&#x9B0;&#x9CD;&#x9B7; / </subfield>
    <subfield code="c">&#x9B0;&#x9A4;&#x9A8;&#x9A4;&#x9A8;&#x9C1; &#x998;&#x9CB;&#x9B7; &#x995;&#x9B0;&#x9CD;&#x9A4;&#x9C3;&#x995; &#x9B8;&#x9AE;&#x9CD;&#x9AA;&#x9BE;&#x9A6;&#x9BF;&#x9A4;&#x964;</subfield>
  </datafield>
  <datafield tag="260" ind1=" " ind2=" ">
    <subfield code="a">&#x9A2;&#x9BE;&#x995;&#x9BE; :</subfield>
    <subfield code="b">&#x9AE;&#x9BE;&#x993;&#x9B2;&#x9BE; &#x9AC;&#x9CD;&#x9B0;&#x9BE;&#x9A6;&#x9BE;&#x9B0;&#x9CD;&#x9B8;,</subfield>
    <subfield code="c">&#x9E8;&#x9E6;&#x9E6;&#x9EF;&#x964;</subfield>
  </datafield>
  <datafield tag="300" ind1=" " ind2=" ">
    <subfield code="a">&#x9E7;&#x9EC;&#x9E6; &#x9AA;&#x9C3;&#x9B7;&#x9CD;&#x9A0;&#x9BE; ;</subfield>
    <subfield code="c">&#x9E8;&#x9E8; &#x9B8;&#x9C7;&#x9AE;&#x9BF;.&#x964;</subfield>
  </datafield>
  <datafield tag="650" ind1=" " ind2=" ">
    <subfield code="a">Postmodernism.</subfield>
  </datafield>
  <datafield tag="700" ind1=" " ind2=" ">
    <subfield code="a">&#x998;&#x9CB;&#x9B7;, &#x9B0;&#x9A4;&#x9A8;&#x9A4;&#x9A8;&#x9C1;&#x964;</subfield>
  </datafield>
  <datafield tag="942" ind1=" " ind2=" ">
    <subfield code="2">ddc</subfield>
    <subfield code="c">BK</subfield>
  </datafield>
  <datafield tag="952" ind1=" " ind2=" ">
    <subfield code="0">0</subfield>
    <subfield code="1">0</subfield>
    <subfield code="2">ddc</subfield>
    <subfield code="4">0</subfield>
    <subfield code="7">0</subfield>
    <subfield code="a">UAPCL</subfield>
    <subfield code="b">UAPCL</subfield>
    <subfield code="c">General Stacks</subfield>
    <subfield code="d">2020-11-15</subfield>
    <subfield code="o">149.97 UTT</subfield>
    <subfield code="p">3010012460</subfield>
    <subfield code="r">2020-11-15</subfield>
    <subfield code="t">1</subfield>
    <subfield code="w">2020-11-15</subfield>
    <subfield code="y">BK</subfield>
  </datafield>
</record>
